000 00310nam a22001337a 4500
008 181217b xxu||||| |||| 00| 0 eng d
020 _a0815191758
041 _aeng
080 _a617
100 _a5
101 _aKIR
245 _aComplications in Cardiothoracic Surgery
_cWaldhausen,J.A
942 _2udc
_cBK
999 _c53176
_d53176